=LDR 00000nam 2200000 4500 =001 INLIS000000000042930 =005 20200818091822 =035 ##$$a 0010-101300000000852 =008 200818################g##########0#ind## =041 ##$$a Ind =082 ##$$a 2x9.01 =090 ##$$a 2 x 9.01, Yat h.2 =100 ##$$a Yatim, H. Badri =245 1#$$a Historiografi islam /$c Drs. H. Badri Yatim, M.A =260 ##$$a Jakarta :$b Logos Ilmu,$c 1997 =300 ##$$a 248 hlm. ; $c 20 x 14 cm. =850 ##$$a NBPNMAT =020 ##$$a 979-626-304-4 =084 ##$$a 2x9.01 YAT h =250 ##$$a cet. 1 =650 #4$$a Islam - Historiografi =990 ##$$a 139.039/pb-98 =990 ##$$a 139.038/pb-98